000 00281nam a2200121 i 4500
001 bg
245 0 _aZajęcia laboratoryjne z metaloznawstwa :
_bskrypt.
260 _aKraków,
_c1974.
040 _cBPK
041 _apol
942 _cKS
008 s pl f |000 0 pol
999 _c16037
_d16037
856 _uhttp://koha.tu.koszalin.pl/cgi-bin/koha/opac-detail.pl?biblionumber=16037
_yKatalog online BPK